000 00498nam a2200181 i 4500
001 55121
003 ES-MaACL
005 20230906163103.0
007 t|
008 030912s1970 sp ||||1| spa d
100 1 _aDelibes, Miguel,
_d1920-2010
_9233557
245 1 0 _aCon la escopeta al hombro /
_cMiguel Delibes.
250 _a[1ยช ed.].
260 _a[Barcelona] :
_bDestino,
_c[1970]
300 _a176 p. ;
_c19 cm.
852 _aES-MaACL
_jC-40171
_bR.75955
999 _c55121
_d55121